States of Brazil by Protestant population - Statistics

General Stats
  • This quiz has been taken 20 times
  • The average score is 6 of 10
Answer Stats
Hint Answer % Correct
11.155.729 São Paulo
94%
5.105.659 Rio de Janeiro
88%
32,7% Acre
56%
31,2% Amazonas
56%
2.597.930 Bahia
56%
4.301.118 Minas Gerais
56%
3.106.168 Pernambuco
44%
32,3% Pernambuco
44%
33,1% Espírito Santo
38%
33,8% Rondônia
31%
No matching quizzes found
Score Distribution
Percent of People with Each Score
Percentile by Number Answered
Your Score History
You have not taken this quiz